02048nab a22002657a 4500003000400000005001700004008004100021040000700062100002200069245013900091260007300230300001500303500003700318505100000355505008201355650001801437650002701455650001301482650003601495650002201531650002701553650001901580650003401599773014901633OSt20251218091028.0190429b xxu||||| |||| 00| 0 spa d cPJ aChaia, Rubén A.10a"Por tus fotos te reconocerán". ¿Es válida la identificación del sospechado a partir de fotos de Facebook? /cRubén A. Chaia. cCiudad Autónoma de Buenos Aires :aThomson Reuters La Ley, b2025. ap. 157-170 aCita: TR LALEY AR/DOC/397/2025.  aSumario: I. Las herramientas digitales como fuente de investigaciones privadas.— II. El sistema penal ante el reclamo de mayor protagonismo y mejores resultados.— III. Identificación a través de fotos publicadas en Redes Sociales.— IV. Redes sociales. Pesquisas en cuentas públicas.— V. Redes sociales. Pesquisas en cuentas privadas.— VI. Identificación en línea y rueda de personas.— VII. Identificación en línea y reconocimiento por imágenes.— VIII. Rastros digitales obtenidos de Facebook, Instagram y Twitter.— IX. ¿Utilizar fotos de la historia o muro puede afectar la privacidad?— X. ¿Utilizar fotos del muro puede violentar el principio de no autoincriminación?— XI. ¿Existen límites a la búsqueda en relación con la víctima?— XII. Identificación a partir de fotos y videos enviados por WhatsApp.— XIII. Reconocimiento de efectos mediante publicaciones en redes sociales.— XIV. Análisis de casos.— XV. Diez reflexiones finales. tSi te interesa el texto completo, solicitalo a koha@justierradelfuego.gov.ar  0aDERECHO PENAL 0aCIENCIA Y TECNOLOGÍA 0aINTERNET 0aMEDIOS DE PRUEBA ELECTRÓNICOS 0aEVIDENCIA DIGITAL 0aDERECHO A LA INTIMIDAD 0aREDES SOCIALES 0aPUBLICACIÓN DE FOTOGRAFÍA0 02658tRevista de derecho penal y criminología. Nº 3 - Abril 2025dCiudad Autónoma de Buenos Aires : Thomson Reuters La Ley, 2017-x00347914